Report on survey of labour conditions in rice milling, power machines industry, 1986 (Record no. 484748)

000 -LEADER
fixed length control field 00496cam a22001337a 4500
008 - FIXED-LENGTH DATA ELEMENTS--GENERAL INFORMATION
fixed length control field 180718b1989 xxu||||| |||| 00| 0 eng d
082 ## - DEWEY DECIMAL CLASSIFICATION NUMBER
Classification number R6:T212x54 In2ri
245 ## - TITLE STATEMENT
Title Report on survey of labour conditions in rice milling, power machines industry, 1986
Statement of responsibility, etc. by Labour Bureau, Ministry of Labour
260 ## - PUBLICATION, DISTRIBUTION, ETC.
Place of publication, distribution, etc. Delhi
Name of publisher, distributor, etc. The Manager of Publications
Date of publication, distribution, etc. 1989
300 ## - PHYSICAL DESCRIPTION
Extent 60p.
650 ## - SUBJECT ADDED ENTRY--TOPICAL TERM
Topical term or geographic name entry element Work environment - India
650 ## - SUBJECT ADDED ENTRY--TOPICAL TERM
Topical term or geographic name entry element Rice - Milling - India
700 ## - ADDED ENTRY--PERSONAL NAME
Personal name India. Ministry of Labour. Labour Bureau
Holdings
Withdrawn status Lost status Damaged status Not for loan Permanent Location Current Location Date acquired Full call number Barcode Date last seen Price effective from Koha item type
        Indian Institute of Public Administration Indian Institute of Public Administration 2018-08-04 R6:T212x54 In2ri GG21205 2018-08-04 2018-08-04 GG

Powered by Koha